00271nam a2200109Ia 4500008004100000020001800041082001200059100002100071245002900092260002900121500001100150260604s9999 xx 000 0 und d a9781444950380 a813 COW aCowell, Cressida 0aHow to Train Your Dragon bHachette Childrens Group aDragon